| 000 | 00998cab a2200241 4500 | ||
|---|---|---|---|
| 001 | ABS45338 | ||
| 008 | 090401t1991 xxu||||| |||| 00| 0 eng d | ||
| 035 | _a(Sirsi) u52432 | ||
| 041 | _aeng | ||
| 245 | _aCorporate estate agents and the duty of disclosure | ||
| 260 | _c1991 | ||
| 350 | _a0 | ||
| 490 |
_aEstates Gazette _v(9141) 19 October 1991, 141(1) |
||
| 520 | _aDiscusses Estate Agents Act 1979 s21 headed `Transactions in which an estate agent has a personal interest` which imposes on estate agents the statutory duty to disclose interests not to the client but to anyone with whom the agent might `enter into negotiations` over the acquisitions or disposal of a property. | ||
| 650 | _aACQUISITION OF PROPERTY | ||
| 650 | _aPROPERTY-PROPERTY ACQUISITION AND DISPOSAL | ||
| 650 | _aDUTY TO DISCLOSE INTEREST | ||
| 650 | _aESTATE AGENTS | ||
| 650 | _aPERSONAL INTEREST | ||
| 690 | _aMANAGEMENT-BUSINESS MANAGEMENT-PROFESSIONAL PRACTICE | ||
| 942 | _n0 | ||
| 948 | _c04/03/1997 | ||
| 999 |
_c32485 _d32485 |
||